00366nam a22001097a 4500008004500000020001800045110004600063245005900109250000900168260006000177300001900237260101b 2025 ||||| |||| 00| 0 eng d a9789280117608 aIMO - International Maritime organisation aModel course 2.03 - advanced training in fire fighting a2023 aLondonbIMO - International Maritime organisationc2023 aDigital Format